Statistics for Most Viewed Video by Artist

Click here to take the quiz!

General Stats

  • This quiz has been taken 20 times
  • The average score is 11 of 28

Answer Stats

ArtistViewsName of Video% Correct
Justin Bieber1,373,354,000Baby
81%
Nirvana383,526,000Smells Like Teen Spirit
75%
Lady Gaga691,118,000Bad Romance
75%
Miley Cyrus835,841,000Wrecking Ball
75%
Michael Jackson322,789,000Thriller
63%
Adele1,517,494,000Hello
63%
Red Hot Chili Peppers237,138,000Californication
56%
Queen236,365,000Bohemian Rhapsody
56%
Eminem1,072,471,000Love the Way You Lie
50%
Maroon 51,246,890,000Sugar
50%
Beatles14,334,000Hey Jude
50%
Taylor Swift1,596,886,000Blank Space
44%
Katy Perry1,397,820,000Dark Horse
44%
Ed Sheeran1,096,700,000Thinking Out Loud
31%
Nicki Minaj589,436,000Anaconda
31%
One Direction762,592,000What Makes You Beautiful
31%
Justin Timberlake380,467,000Mirrors
25%
Beyonce481,587,268Single Ladies
25%
Panic! At the Disco137,841,000I Write Sins Not Tragedies
25%
My Chemical Romance95,767,000Teenagers
25%
Rihanna794,344,000Diamonds
25%
Bruno Mars896,998,000The Lazy Song
19%
Ariana Grande808,282,000Problem
19%
5 Seconds of Summer177,262,000She Looks So Perfect
13%
Fall Out Boy98,712,000Centuries
13%
Pink536,097,000Just Give Me a Reason
13%
Green Day138,257,00021 Guns
6%
Paramore159,573,000Decode
0%

Score Distribution

Percentile by Number Answered

Percent of People with Each Score

Your Score History

You have not taken this quiz